Statistics for MLS teams by City

Click here to take the quiz!

General Stats

  • This quiz has been taken 137 times
  • The average score is 10 of 15

Answer Stats

City Team % Correct
LAGalaxy
94%
SeattleSounders
91%
ColumbusCrew
90%
San JoseEarthquakes
89%
ChicagoFire
89%
PortlandTimbers
86%
New EnglandRevolution
84%
HoustonDynamo
79%
MontrealImpact
78%
PhiladalphiaUnion
76%
ColoradoRapids
75%
TorontoToronto FC
41%
KansasSporting Kansas City
39%
Orlando CityOrlando City SC
22%
VancouverWhitecaps FC
12%

Score Distribution

Percentile by Number Answered

Percent of People with Each Score

Your Score History

You have not taken this quiz